| 000 | 01120nam a2200229 4500 | ||
|---|---|---|---|
| 005 | 20260409160206.0 | ||
| 008 | 260409b |||||||| |||| 00| 0 eng d | ||
| 020 | _a9789391011970 (pbk) | ||
| 037 | _cTB | ||
| 040 |
_aCRL _cCRL |
||
| 041 |
_2hin _ahin |
||
| 084 |
_aY68:7:7.2 152R3 _qCRL |
||
| 100 |
_aमलिक, कुसुमलता _91116852 |
||
| 245 |
_aअंतिम जन तक: _bविकलांगजन अधिकारार्जन चेतना के पुरोधा श्री संतोष कुमार रुंगटा |
||
| 260 |
_aनई दिल्ली, भारत: _bदुआबा पब्लिकेशन्स, _c2023. |
||
| 300 | _a521पृ. | ||
| 365 |
_b1024.00 _cINR |
||
| 650 | _aसमाजशास्त्र | ||
| 650 |
_aविकलांग _91234562 |
||
| 942 |
_2CC _n0 _cTB _hY68:7:7.2 152R3 |
||
| 999 |
_c1848182 _d1848182 |
||